| 000 | 00000nam##2200000za#4500 |
| 001 | 9.600604 |
| 003 | CaOODSP |
| 005 | 20210624205651 |
| 007 | cr ||||||||||| |
| 008 | 150406|1999||||xxc|||||o f|0| 0 fre|d |
| 040 | |aCaOODSP|bfre |
| 043 | |an-cn--- |
| 086 | 1 |aBT31-4/7-1999F-PDF |
| 110 | 1 |aCanada. |bConseil du trésor. |
| 245 | 10|aOffice national de l'énergie, rapport sur le rendement pour la période se terminant le 31 mars 1999 |h[ressource électronique] |
| 260 | |aOttawa - Ontario : |bSecrétariat du Conseil du Trésor du Canada |
| 300 | |a47p.|bgraphique, organigramme, tableaux, index |
| 490 | 1 |aRapport sur le rendement pour la période se terminant le 31 mars 1999 |
| 500 | |aLe n° de catalogue (BT31-4/7-1999) et l'ISBN (0-660-61019-1) de l'édition imprimée bilingue ont été incorrectement copiés dans cette édition électronique. |
| 590 | |a12-27-Supp|b2012-06-12 |
| 775 | 08|tNational Energy Board, performance report for the period ending March 31, 1999 |w(CaOODSP)9.569454 |
| 776 | 0#|tNational Energy Board |w(CaOODSP)9.532414 |
| 776 | 0#|tOffice national de l'énergie |w(CaOODSP)9.532415 |
| 830 | #0|aRapport sur le rendement pour la période se terminant le 31 mars 1999.|w(CaOODSP)9.502657 |
| 856 | 40|ahttp://publications.gc.ca|qPDF|s220 Ko|uhttps://publications.gc.ca/collections/Collection/BT31-4-7-1999F.pdf |